| 000 | 01183nam a2200313 i 4500 | ||
|---|---|---|---|
| 001 | 16305 | ||
| 003 | ES-MaACL | ||
| 005 | 20250805062543.0 | ||
| 007 | t| | ||
| 008 | 000828s1998 sp ||||1| spa d | ||
| 020 | _a84-493-0499-7 | ||
| 080 | _a321.01 | ||
| 080 | _a329.12 | ||
| 245 | 0 | 0 |
_aDebate sobre el liberalismo político / _cintroducción de Fernando Vallespín. |
| 250 | _a1ª ed. | ||
| 260 |
_aBarcelona : _bPaidós Ibérica : _bI.C.E. de la Universidad Autónoma de Barcelona, _c1998. |
||
| 300 |
_a181 p. ; _c20 cm. |
||
| 490 | 1 |
_aPensamiento contemporáneo ; _v45 |
|
| 505 | 8 | _aContiene: Reconciliación mediante el uso público de la razón . "Razonable" versus "verdadero", o la moral de las concepciones del mundo / Jürgen Habermas . Réplica a Habermas / John Rawls | |
| 650 | 4 |
_aPolítica- _xFilosofía _916274 |
|
| 650 | 1 | 7 |
_aLiberalismo _2embne _914386 |
| 700 | 1 |
_aHabermas, Jürgen. _961376 |
|
| 700 | 1 |
_aRawls, John. _995612 |
|
| 700 | 1 |
_aVallespín Oña, Fernando. _9112902 |
|
| 710 | 2 |
_aUniversidad Autónoma de Barcelona. _97055 |
|
| 830 | 1 |
_aPensamiento contemporáneo ; _v45 _9179725 |
|
| 852 |
_aES-MaACL _jL-23568 |
||
| 999 |
_c16305 _d16305 |
||